| 000 | 01032nam a22002297a 4500 | ||
|---|---|---|---|
| 999 |
_c21373 _d21373 |
||
| 003 | AR-CdUCM | ||
| 008 | 190305b ||||| |||| 00| 0 spa d | ||
| 040 |
_aMUNICIPALIDAD PROVINCIAL DEL CUSCO _cBIBLIOTECA MUNICIPAL DEL CUSCO |
||
| 082 |
_a372.6/G26/1805 _bG26 |
||
| 100 |
_aGarcía, Santiago _944583 |
||
| 245 |
_aInstituciones sobre la crianza física de los niños expósitos : _bobra interesante a toda madre zelosa [celosa] de la conservación de sus hijos / |
||
| 260 |
_aMadrid ; _bVega y Compañia, _c1805. |
||
| 300 |
_a220 Páginas. : _c14 cm. |
||
| 500 | _aLibro antiguo muestra los inicios de la medicina en la especialidad de pediatría. | ||
| 505 | _aContenido: Del sitio y disposición de las inclusas -- Del número de facultativos que deben tener las inclusas grandes sus obligaciones y de los asistentes ... | ||
| 650 |
_aEducación _9460 |
||
| 650 |
_aInicios de la pediatría _944584 |
||
| 650 |
_aRelaciones humanas _99912 |
||
| 650 |
_aCuidado de niños _944585 |
||
| 942 |
_2ddc _cLIBROS |
||
| 945 | _aRoel | ||